| 000 | 00626nam a2200193Ia 4500 | ||
|---|---|---|---|
| 003 | GCL | ||
| 005 | 20240530094818.0 | ||
| 008 | 140319s9999 xx 000 0 ara d | ||
| 040 |
_aGCL / _cGCL |
||
| 082 | 0 | 4 |
_a962 _bق/ج م |
| 100 | 1 | _aجمال بدوى | |
| 245 | 1 | 0 |
_aمعارك صحفية / _cجمال بدوى |
| 260 |
_aالقاهرة : _bالهيئة المصرية العامة للكتاب ، _c1998 |
||
| 300 |
_a530 ص ؛ _c20 سم |
||
| 650 | 0 | 4 | _aالمقالات - مجموعات |
| 650 | 0 | 4 | _aمصر - الاحوال السياسية |
| 650 | 0 | 4 | _aالمقالات العربية - مصر |
| 942 |
_2ddc _cBK |
||
| 999 |
_c1283 _d1283 |
||